000 00411nam a22001577a 4500
005 20251108171246.0
008 250721s1988 xx 000 0 ara d
082 1 4 _a371.2/أوج
100 1 _aمدانات، أوجيني
245 1 0 _aتربويات /
264 1 _aعمان :
_bدار مجدلاوي،
_c1988.
300 _aج
650 1 7 _aإدارة المدارس
942 _2ddc
_cBK
999 _c60671
_d60671